Research Laboratory Of Environmental Science Seminar 2 (Record no. 50408)

MARC details
000 -LEADER
fixed length control field 00447nam a2200133Ia 4500
008 - FIXED-LENGTH DATA ELEMENTS--GENERAL INFORMATION
fixed length control field 211109s9999||||xx |||||||||||||| ||und||
082 ## - DEWEY DECIMAL CLASSIFICATION NUMBER
Classification number 363.7
Item number RAY-R
100 ## - MAIN ENTRY--PERSONAL NAME
Personal name J G Ray Ed,
245 #0 - TITLE STATEMENT
Title Research Laboratory Of Environmental Science Seminar 2
260 ## - PUBLICATION, DISTRIBUTION, ETC.
Name of publisher, distributor, etc. Un Known
Place of publication, distribution, etc. Kozhikode
Date of publication, distribution, etc. 1900
630 ## - SUBJECT ADDED ENTRY--UNIFORM TITLE
General subdivision General stack
650 ## - SUBJECT ADDED ENTRY--TOPICAL TERM
Topical term or geographic name entry element Other social problems & services
942 ## - ADDED ENTRY ELEMENTS (KOHA)
Koha item type BOOK
650 ## - SUBJECT ADDED ENTRY--TOPICAL TERM
Form subdivision Social problems & services; associations
General subdivision Social sciencesGeneralia
Holdings
Withdrawn status Lost status Damaged status Not for loan Home library Current library Date acquired Total Checkouts Full call number Barcode Shelving location Date last seen Price effective from Koha item type
        SB LIBRARY SB LIBRARY 09/11/2021   363.7 RAY-R 00092594 GENERAL STACK 09/11/2021 09/11/2021 BOOK

Powered by Koha